[Event "IECG WC.2005.S.00002 email"]
[Site "IECG email"]
[Date "2003.05.19"]
[Round "?"]
[White "Raidna, Raivo I"]
[Black "Winiarski, Michael L"]
[Result "1-0"]
[WhiteElo "2372"]
[BlackElo "2185"]
[PlyCount "69"]
[EventDate "2003.05.19"]
[EventType "tourn (corr)"]
[EventRounds "10"]
[SourceTitle "Corr 2008"]
[Source "ChessBase"]
[SourceDate "2008.06.24"]
[SourceVersion "1"]
[SourceVersionDate "2008.06.24"]
[SourceQuality "1"]

1. e4 Nf6 2. e5 Nd5 3. d4 d6 4. Nf3 Nc6 5. c4 Nb6 6. exd6 cxd6 7. d5 Ne5 8. Be3 Ng4 9. Bg5 h6 10. Bf4 e5 11. dxe6 Bxe6 12. Nd4 Bd7 13. Nc3 Qf6 14. Bg3 Be7 15. Be2 Ne5 16. a4 Rc8 17. a5 Nbxc4 18. Nd5 Qg6 19. 0-0 Bd8 20. b3 Nxa5 21. f4 Rc5 22. fxe5 0-0 23. Bd3 Qg5 24. Nf3 Qg4 25. Ne3 Qb4 26. e6 Bxe6 27. Bxd6 Bb6 28. Bxf8 Kxf8 29. Kh1 Nxb3 30. Rb1 Rc3 31. Ne5 Kg8 32. Nf5 Rc7 33. Bc4 Rxc4 34. Rxb3 Qc5 35. Nxc4 1-0

[Event "IECG WC.2002.F.00002 email"]
[Site "IECG email"]
[Date "2002.12.15"]
[Round "?"]
[White "Daurelle, Herve"]
[Black "Raidna, Raivo I"]
[Result "1/2-1/2"]
[WhiteElo "2359"]
[BlackElo "2365"]
[PlyCount "97"]
[EventDate "2002.12.15"]
[EventType "tourn (corr)"]
[EventRounds "10"]
[SourceTitle "Corr 2008"]
[Source "ChessBase"]
[SourceDate "2008.06.24"]
[SourceVersion "1"]
[SourceVersionDate "2008.06.24"]
[SourceQuality "1"]

1. e4 e5 2. Nf3 Nc6 3. Bb5 a6 4. Ba4 Nf6 5. 0-0 b5 6. Bb3 Bb7 7. Re1 Bc5 8. c3 0-0 9. d4 Bb6 10. Bg5 h6 11. Bh4 d6 12. a4 Re8 13. d5 Na5 14. Bc2 g5 15. Bg3 c6 16. dxc6 Nxc6 17. axb5 axb5 18. Rxa8 Bxa8 19. Na3 b4 20. Nc4 Bc5 21. Nfd2 bxc3 22. bxc3 Na5 23. Ne3 Bxe3 24. Rxe3 d5 25. Rd3 Qb6 26. exd5 Bxd5 27. Ba4 Re6 28. h4 e4 29. Rd4 Qc5 30. hxg5 hxg5 31. Qc1 Nc6 32. Bxc6 Rxc6 33. Be5 e3 34. fxe3 Qe7 35. e4 Qxe5 36. Nf3 Qf4 37. Qxf4 gxf4 38. exd5 Rxc3 39. d6 Nd7 40. Kf2 f6 41. Rxf4 Rc6 42. Rd4 Kf7 43. Rd1 Rb6 44. g4 Ke6 45. g5 fxg5 46. Nxg5+ Ke5 47. Nf7+ Kf6 48. Nd8 Ne5 49. Kg3 1/2-1/2

[Event "IECG WC.2002.F.00002 email"]
[Site "IECG email"]
[Date "2002.12.15"]
[Round "?"]
[White "Evans, Gordon R"]
[Black "Raidna, Raivo I"]
[Result "1/2-1/2"]
[WhiteElo "2301"]
[BlackElo "2365"]
[PlyCount "51"]
[EventDate "2002.12.15"]
[EventType "tourn (corr)"]
[EventRounds "10"]
[SourceTitle "Corr 2008"]
[Source "ChessBase"]
[SourceDate "2008.06.24"]
[SourceVersion "1"]
[SourceVersionDate "2008.06.24"]
[SourceQuality "1"]

1. e4 e6 2. d4 d5 3. Nd2 Nf6 4. e5 Nfd7 5. Bd3 c5 6. c3 Nc6 7. Ngf3 a5 8. 0-0 cxd4 9. cxd4 Nb6 10. Re1 a4 11. Nf1 Be7 12. Ng3 Nc4 13. Nh5 g6 14. Nf4 a3 15. Bxc4 dxc4 16. bxa3 h5 17. d5 exd5 18. Nxd5 Bf5 19. Nf6+ Kf8 20. Qe2 Qd3 21. Qb2 Kg7 22. Qxb7 Rhc8 23. Bd2 Rab8 24. Qa6 Ra8 25. Qb6 Rab8 26. Qa6 1/2-1/2

[Event "IECG WC.2002.F.00002 email"]
[Site "IECG email"]
[Date "2002.12.15"]
[Round "?"]
[White "Raidna, Raivo I"]
[Black "Bendig, Frank"]
[Result "1-0"]
[WhiteElo "2365"]
[BlackElo "2300"]
[PlyCount "109"]
[EventDate "2002.12.15"]
[EventType "tourn (corr)"]
[EventRounds "10"]
[SourceTitle "Corr 2008"]
[Source "ChessBase"]
[SourceDate "2008.06.24"]
[SourceVersion "1"]
[SourceVersionDate "2008.06.24"]
[SourceQuality "1"]

1. e4 c6 2. d4 d5 3. exd5 cxd5 4. c4 Nf6 5. Nc3 e6 6. Nf3 Be7 7. cxd5 Nxd5 8. Bd3 Nc6 9. 0-0 0-0 10. Re1 Bf6 11. a3 Bd7 12. Bc2 Qc7 13. Ne4 Be7 14. Qd3 g6 15. Bd2 Rac8 16. Rac1 Rfd8 17. b4 a6 18. Bb3 Be8 19. Nfg5 h6 20. Nf3 h5 21. Nc5 Bf6 22. Nxe6 fxe6 23. Rxe6 Kg7 24. Qe4 Bf7 25. Bxd5 Rxd5 26. Qxd5 Bxe6 27. Qxe6 Rd8 28. Bh6+ Kxh6 29. Qxf6 Qd6 30. Qg5+ Kg7 31. h3 Nxd4 32. Nxd4 Qxd4 33. Qe7+ Kh6 34. Qxb7 Qf4 35. Rf1 Qf6 36. a4 Rd4 37. a5 Rf4 38. b5 Rf5 39. b6 Rxa5 40. Rb1 Qf5 41. Rd1 Ra2 42. Qa8 Qxf2+ 43. Kh1 Qf6 44. b7 Ra1 45. b8Q Rxd1+ 46. Kh2 Rd7 47. Qh8+ Qxh8 48. Qxh8+ Rh7 49. Qa8 Rc7 50. Qxa6 Rf7 51. Qe6 Rg7 52. h4 Kh7 53. g4 hxg4 54. Qxg4 Rf7 55. h5 1-0

[Event "IECG WC.2002.F.00002 email"]
[Site "IECG email"]
[Date "2002.12.15"]
[Round "?"]
[White "Raidna, Raivo I"]
[Black "Larsson, Mats"]
[Result "1/2-1/2"]
[WhiteElo "2365"]
[BlackElo "2319"]
[PlyCount "150"]
[EventDate "2002.12.15"]
[EventType "tourn (corr)"]
[EventRounds "10"]
[SourceTitle "Corr 2008"]
[Source "ChessBase"]
[SourceDate "2008.06.24"]
[SourceVersion "1"]
[SourceVersionDate "2008.06.24"]
[SourceQuality "1"]

1. e4 e5 2. Nf3 Nc6 3. Bb5 Nf6 4. d3 d6 5. c3 Be7 6. Nbd2 0-0 7. Nf1 a6 8. Ba4 b5 9. Bb3 d5 10. Bg5 dxe4 11. dxe4 Nxe4 12. Bxe7 Qxd1+ 13. Rxd1 Nxe7 14. Nxe5 Nc5 15. Ne3 Nxb3 16. axb3 Be6 17. b4 a5 18. bxa5 Rxa5 19. Kd2 b4 20. Nd3 bxc3+ 21. Kxc3 Rb5 22. b4 Nc6 23. Ra1 Rd8 24. Ra4 f6 25. Rha1 Rbb8 26. Nc5 Bf7 27. Rd1 Rxd1 28. Nxd1 Be8 29. Ne3 Nd4 30. Ra1 Nb5+ 31. Kb2 Bf7 32. h3 Nd6 33. Kc3 f5 34. f4 g6 35. g3 Kg7 36. Nc2 Nb5+ 37. Kb2 Re8 38. Rd1 Re2 39. Kc1 Rh2 40. h4 Rh3 41. Rd3 Kh6 42. Nd7 Nd6 43. Ne5 Bg8 44. Kb2 Ne4 45. Rd7 Rxg3 46. Rxc7 Rb3+ 47. Kc1 Nf6 48. Rb7 Rc3 49. Rb6 Nd5 50. Rb8 Be6 51. Kd2 Rh3 52. Nd3 Rh2+ 53. Kc1 Nc3 54. Nd4 Bc4 55. Ne5 Bd5 56. b5 Rxh4 57. Kd2 Nb1+ 58. Ke3 Rh3+ 59. Ke2 Nc3+ 60. Kd2 Ne4+ 61. Ke2 Ng3+ 62. Kd2 Nh5 63. Ne2 Rb3 64. Rb6 Kg7 65. Nc1 Rb1 66. Ncd3 Be4 67. Rb8 Rf1 68. Ke2 Bg2 69. Ke3 Nf6 70. b6 Rb1 71. Kf2 Bd5 72. Nc5 h5 73. b7 Ng4+ 74. Nxg4 fxg4 75. Rd8 Bxb7 1/2-1/2

[Event "IECG WC.2003.T.00001 email"]
[Site "IECG email"]
[Date "2002.08.04"]
[Round "?"]
[White "Brueckel, Gerhard"]
[Black "Raidna, Raivo I"]
[Result "1/2-1/2"]
[WhiteElo "2330"]
[BlackElo "2374"]
[PlyCount "76"]
[EventDate "2002.08.04"]
[EventType "tourn (corr)"]
[EventRounds "10"]
[SourceTitle "Corr 2008"]
[Source "ChessBase"]
[SourceDate "2008.06.24"]
[SourceVersion "1"]
[SourceVersionDate "2008.06.24"]
[SourceQuality "1"]

1. Nf3 Nf6 2. b3 g6 3. Bb2 Bg7 4. e3 c5 5. c4 0-0 6. Be2 Nc6 7. 0-0 b6 8. d4 cxd4 9. Nxd4 Bb7 10. Bf3 Rc8 11. Nc3 Qc7 12. Rc1 Nxd4 13. exd4 d5 14. c5 bxc5 15. dxc5 Bc6 16. Ne2 e5 17. Ng3 Rfd8 18. Re1 e4 19. Be2 Rb8 20. Bd4 Qa5 21. Qc2 Ne8 22. Bxg7 Nxg7 23. Qb2 Ne6 24. Red1 h5 25. Bxh5 gxh5 26. Qf6 d4 27. Qh6 Rd5 28. Nxe4 Rf5 29. Nf6+ Rxf6 30. Qxf6 Qxa2 31. Rxd4 Qxb3 32. Rdd1 Qa4 33. f3 Qf4 34. Qxf4 Nxf4 35. Rb1 Re8 36. Rb4 Ne6 37. Ra1 Kg7 38. Rxa7 Nxc5 1/2-1/2

[Event "IECG WC.2003.T.00001 email"]
[Site "IECG email"]
[Date "2002.08.04"]
[Round "?"]
[White "Raidna, Raivo I"]
[Black "Schoonhoven, Jan Willem"]
[Result "1/2-1/2"]
[WhiteElo "2374"]
[BlackElo "2678"]
[PlyCount "52"]
[EventDate "2002.08.04"]
[EventType "tourn (corr)"]
[EventRounds "10"]
[SourceTitle "Corr 2008"]
[Source "ChessBase"]
[SourceDate "2008.06.24"]
[SourceVersion "1"]
[SourceVersionDate "2008.06.24"]
[SourceQuality "1"]

1. e4 c5 2. Nf3 d6 3. d4 cxd4 4. Nxd4 Nf6 5. Nc3 a6 6. g3 e5 7. Nb3 b5 8. Bg2 Nbd7 9. 0-0 Bb7 10. Nd5 Nxd5 11. exd5 Be7 12. Be3 Qc7 13. a4 0-0 14. axb5 axb5 15. Qd3 b4 16. Rxa8 Rxa8 17. Ra1 Rxa1+ 18. Nxa1 Nf6 19. Nb3 h6 20. Bd2 Qb6 21. Qc4 e4 22. Qxb4 Qxb4 23. Bxb4 Nxd5 24. Bxe4 Nxb4 25. Bxb7 Nxc2 26. Na5 Kf8 1/2-1/2

[Event "IECG WC.2004.S.00001 email"]
[Site "IECG email"]
[Date "2002.05.08"]
[Round "?"]
[White "Haug, Ulrich"]
[Black "Raidna, Raivo I"]
[Result "1/2-1/2"]
[WhiteElo "1876"]
[BlackElo "2370"]
[PlyCount "33"]
[EventDate "2002.05.08"]
[EventType "tourn (corr)"]
[EventRounds "8"]
[SourceTitle "Corr 2008"]
[Source "ChessBase"]
[SourceDate "2008.06.24"]
[SourceVersion "1"]
[SourceVersionDate "2008.06.24"]
[SourceQuality "1"]

1. d4 Nf6 2. c4 e6 3. Nc3 Bb4 4. a3 Bxc3+ 5. bxc3 c5 6. f3 Nc6 7. e4 d6 8. Be3 b6 9. Bd3 0-0 10. Ne2 Re8 11. 0-0 e5 12. d5 Na5 13. Ng3 h6 14. Rb1 Rb8 15. h3 Nd7 16. Qd2 Qf6 17. Kh2 1/2-1/2

[Event "IECG CM.2002.0.00173 email"]
[Site "IECG email"]
[Date "2002.03.15"]
[Round "?"]
[White "Schrancz, Istvan"]
[Black "Raidna, Raivo I"]
[Result "1-0"]
[WhiteElo "2424"]
[BlackElo "2370"]
[PlyCount "61"]
[EventDate "2002.03.15"]
[EventType "tourn (corr)"]
[EventRounds "6"]
[SourceTitle "Corr 2008"]
[Source "ChessBase"]
[SourceDate "2008.06.24"]
[SourceVersion "1"]
[SourceVersionDate "2008.06.24"]
[SourceQuality "1"]

1. Nf3 d5 2. d4 c6 3. c4 Nf6 4. Nc3 e6 5. e3 Nbd7 6. Qc2 Bd6 7. b3 0-0 8. Be2 a6 9. 0-0 dxc4 10. bxc4 c5 11. a4 Rb8 12. h3 b6 13. Rd1 Qe7 14. d5 Bb7 15. Rb1 Rfe8 16. Bd3 h6 17. e4 Ba8 18. Re1 Ne5 19. Nxe5 Bxe5 20. Ne2 Bc7 21. Bb2 exd5 22. cxd5 Bb7 23. Ng3 Bxg3 24. fxg3 Nd7 25. Qf2 f6 26. Qf5 Qd6 27. e5 fxe5 28. Qh7+ Kf8 29. Rf1+ Ke7 30. Rbd1 Kd8 31. Rf7 1-0

[Event "EST-chA email 4th"]
[Site "Estonia"]
[Date "2002.02.15"]
[Round "?"]
[White "Raidna, Raivo I"]
[Black "Saul, Toivo"]
[Result "1/2-1/2"]
[WhiteElo "2250"]
[BlackElo "2141"]
[PlyCount "59"]
[EventDate "2002.??.??"]
[EventType "tourn (corr)"]
[EventRounds "10"]
[EventCountry "EST"]
[SourceTitle "Corr 2006"]
[Source "ChessBase"]
[SourceDate "2006.04.01"]
[SourceVersion "3"]
[SourceVersionDate "2006.04.01"]
[SourceQuality "1"]

1. e4 c5 2. Nf3 d6 3. Bb5+ Nd7 4. a4 Ngf6 5. Nc3 g6 6. 0-0 Bg7 7. Re1 0-0 8. d4 cxd4 9. Nxd4 Qa5 10. Bg5 h6 11. Bh4 g5 12. Bg3 Ne5 13. Ra3 a6 14. Bf1 Re8 15. Nb3 Qc7 16. a5 Be6 17. Nd5 Nxd5 18. exd5 Bd7 19. c3 Nc4 20. Ra2 e6 21. dxe6 Rxe6 22. Rxe6 Bxe6 23. Nd4 Bxd4 24. Qxd4 Nd2 25. Ra4 Nxf1 26. Kxf1 Re8 27. f3 Qc5 28. Kf2 Qb5 29. Rb4 Qxa5 30. Bxd6 1/2-1/2

[Event "IECG CM.2002.0.00168 email"]
[Site "IECG email"]
[Date "2002.02.06"]
[Round "?"]
[White "Lifshitz, Samuel"]
[Black "Raidna, Raivo I"]
[Result "1-0"]
[WhiteElo "2312"]
[BlackElo "2368"]
[PlyCount "63"]
[EventDate "2002.02.06"]
[EventType "tourn (corr)"]
[EventRounds "6"]
[SourceTitle "Corr 2008"]
[Source "ChessBase"]
[SourceDate "2008.06.24"]
[SourceVersion "1"]
[SourceVersionDate "2008.06.24"]
[SourceQuality "1"]

1. e4 e6 2. d4 d5 3. Nd2 Nf6 4. e5 Nfd7 5. f4 c5 6. c3 Qb6 7. Nb3 Qc7 8. Be3 c4 9. Nd2 Be7 10. Be2 Bh4+ 11. g3 Bd8 12. Ngf3 b5 13. 0-0 Be7 14. a4 bxa4 15. Rxa4 Nb6 16. Ra2 Nc6 17. Qc2 Rb8 18. b3 cxb3 19. Nxb3 h6 20. Rfa1 Bb7 21. Nc5 Bxc5 22. dxc5 Nc8 23. Nd4 0-0 24. Nb5 Qe7 25. Nd6 f6 26. Rb2 fxe5 27. fxe5 Qd7 28. Rab1 Nxd6 29. exd6 Ba8 30. Rxb8 Rxb8 31. Rxb8+ Nxb8 32. Bxh6 1-0

[Event "IECG CM.2001.0.00161"]
[Site "IECG email"]
[Date "2001.12.03"]
[Round "?"]
[White "Raidna, Raivo I"]
[Black "Sacerdotali, Sergio"]
[Result "0-1"]
[WhiteElo "2239"]
[BlackElo "2296"]
[PlyCount "90"]
[EventDate "2001.12.03"]
[EventType "tourn (corr)"]
[EventRounds "6"]
[SourceTitle "Corr 2008"]
[Source "ChessBase"]
[SourceDate "2008.06.24"]
[SourceVersion "1"]
[SourceVersionDate "2008.06.24"]
[SourceQuality "1"]

1. e4 e5 2. Nf3 Nc6 3. Bb5 a6 4. Ba4 Nf6 5. 0-0 Be7 6. Re1 b5 7. Bb3 0-0 8. c3 d5 9. exd5 Nxd5 10. Nxe5 Nxe5 11. Rxe5 c6 12. d3 Bd6 13. Re1 Bf5 14. Qf3 Qh4 15. g3 Qh3 16. Bxd5 cxd5 17. Qxd5 Rad8 18. a4 Bb8 19. Qg2 Qh5 20. axb5 Bxd3 21. bxa6 Rfe8 22. Be3 Be4 23. f3 Bxf3 24. Qf2 Re6 25. Nd2 Ba8 26. Bd4 Bxg3 27. Qxg3 Rg6 28. Re3 f5 29. Kf2 Rxg3 30. hxg3 Qh2+ 31. Ke1 Qh1+ 32. Nf1 Bg2 33. Ke2 Bh3 34. Re5 Qg2+ 35. Kd3 Qxb2 36. Rea5 Re8 37. Ne3 Bg4 38. Re1 Bf3 39. a7 Be4+ 40. Kc4 Rc8+ 41. Bc5 Qb6 42. Rea1 Kf7 43. g4 fxg4 44. Rf1+ Kg6 45. Rfa1 Bb7 0-1

[Event "IECG CP.2000.Q.00034"]
[Site "IECG email"]
[Date "2001.10.01"]
[Round "?"]
[White "Navas, Carlos"]
[Black "Raidna, Raivo I"]
[Result "1/2-1/2"]
[WhiteElo "800"]
[BlackElo "2242"]
[PlyCount "64"]
[EventDate "2001.10.01"]
[EventType "tourn (corr)"]
[EventRounds "6"]
[SourceTitle "Corr 2008"]
[Source "ChessBase"]
[SourceDate "2008.06.24"]
[SourceVersion "1"]
[SourceVersionDate "2008.06.24"]
[SourceQuality "1"]

1. e4 e6 2. d4 d5 3. Nd2 Nf6 4. e5 Nfd7 5. f4 c5 6. Ngf3 Nc6 7. c3 cxd4 8. Nxd4 Nxd4 9. cxd4 Qb6 10. Nf3 Nb8 11. a3 Bd7 12. Be2 Be7 13. 0-0 Bb5 14. Bxb5+ Qxb5 15. Rf2 0-0 16. Rc2 Nc6 17. Bd2 Qb6 18. Be1 Rac8 19. Rac1 Rc7 20. b4 Rfc8 21. Rc3 Bf8 22. Qd3 Ne7 23. Rxc7 Rxc7 24. Rc3 Rc6 25. Bd2 g6 26. Rc5 Nf5 27. Rxc6 Qxc6 28. g4 Ne7 29. b5 Qc4 30. Ne1 Nc8 31. Qxc4 dxc4 32. Nc2 Nb6 1/2-1/2

[Event "IECG CP.2001.P.00025"]
[Site "IECG email"]
[Date "2001.10.01"]
[Round "?"]
[White "Raidna, Raivo I"]
[Black "De Booy, Marco"]
[Result "1-0"]
[WhiteElo "2242"]
[BlackElo "1229"]
[PlyCount "71"]
[EventDate "2001.10.01"]
[EventType "tourn (corr)"]
[EventRounds "6"]
[SourceTitle "Corr 2008"]
[Source "ChessBase"]
[SourceDate "2008.06.24"]
[SourceVersion "1"]
[SourceVersionDate "2008.06.24"]
[SourceQuality "1"]

1. e4 e5 2. Nf3 Nc6 3. Bb5 a6 4. Ba4 Nf6 5. 0-0 Be7 6. Re1 b5 7. Bb3 d6 8. c3 Na5 9. Bc2 c5 10. d4 Qc7 11. Nbd2 Nc6 12. d5 Na7 13. a4 0-0 14. Nf1 h6 15. axb5 axb5 16. b4 c4 17. Be3 Bd7 18. Ra6 Rfb8 19. Qa1 Rb7 20. h3 Bd8 21. Qa3 Qb8 22. Ra1 Bb6 23. Bxb6 Rxb6 24. Rxa7 Rxa7 25. Qxa7 Qd8 26. Ng3 g6 27. Bd1 Kg7 28. Nh2 h5 29. Nf3 Kh6 30. Bc2 Be8 31. Ra6 Rb8 32. Nh4 Kg7 33. Ngf5+ gxf5 34. Nxf5+ Kf8 35. Rxd6 Nd7 36. Qe3 1-0

[Event "IECG CP.2000.Q.00034"]
[Site "IECG email"]
[Date "2001.10.01"]
[Round "?"]
[White "Raidna, Raivo I"]
[Black "Wolff, Christoph"]
[Result "1-0"]
[WhiteElo "2242"]
[BlackElo "2127"]
[PlyCount "77"]
[EventDate "2001.10.01"]
[EventType "tourn (corr)"]
[EventRounds "6"]
[SourceTitle "Corr 2008"]
[Source "ChessBase"]
[SourceDate "2008.06.24"]
[SourceVersion "1"]
[SourceVersionDate "2008.06.24"]
[SourceQuality "1"]

1. e4 c5 2. Nf3 d6 3. Bb5+ Nd7 4. d4 Ngf6 5. Nc3 a6 6. Bxd7+ Nxd7 7. 0-0 cxd4 8. Qxd4 e6 9. Rd1 Qc7 10. Bf4 e5 11. Nd5 Qb8 12. Qc3 exf4 13. Nc7+ Kd8 14. Ng5 Ne5 15. Nxa8 f6 16. Nb6 Qc7 17. Qxc7+ Kxc7 18. Nd5+ Kb8 19. Nf3 Bg4 20. Nd4 Bxd1 21. Rxd1 g6 22. Ne6 f5 23. exf5 gxf5 24. Ndxf4 Bh6 25. Nd5 Re8 26. Nd4 Rf8 27. g3 Nc6 28. Nxc6+ bxc6 29. Nb4 Kc7 30. Nxa6+ Kb6 31. Rxd6 Bc1 32. Nb4 Kc5 33. Rd1 Kxb4 34. Rxc1 Rd8 35. Kg2 c5 36. Kf3 c4 37. c3+ Ka4 38. Rc2 Rd1 39. Kf4 1-0